000 00709nam a2200289Ia 4500
005 20260324145916.0
008 008 260324s9999 xx 000 0 eng d
020 _a9780203142448
037 _aEBOOK
040 _aCRL
040 _beng
040 _cCRL
041 _2eng
041 _aeng
084 _qCRL
100 _aTony Watson
_91220539
245 4 _aThe Personnel Managers (Routledge Revivals)
245 2 _bA Study in the Sociology of Work and Employment
260 _bTaylor and Francis
260 _c1977
365 _a
365 _b70.99
856 _uhttp://www.taylorfrancis.com/books/9780203142448
942 _cEBOOK
999 _c1833173
_d1833173